[Event "Penang op 11th"]
[Site "Penang"]
[Date "2019.12.11"]
[Round "4"]
[White "Ang, Ern Jie Anderson"]
[Black "Wahono, Awam"]
[Result "0-1"]
[WhiteElo "1852"]
[BlackElo "2313"]
[PlyCount "64"]
[EventDate "2019.12.09"]
[EventType "swiss"]
[EventRounds "9"]
[EventCountry "MAS"]
[SourceTitle "CBM 193 Extra"]
[Source "ChessBase"]
[SourceDate "2020.01.31"]
[SourceVersion "1"]
[SourceVersionDate "2020.01.31"]
[SourceQuality "1"]

1. d4 Nf6 2. c4 g6 3. Nc3 Bg7 4. e4 d6 5. g3 0-0 6. Bg2 c5 7. Nge2 Nc6 8. d5 Ne5 9. b3 Bg4 10. h3 Bf3 11. 0-0 Nfd7 12. Be3 a6 13. Bxf3 Nxf3+ 14. Kg2 Nde5 15. Qc2 Qa5 16. a3 b5 17. cxb5 axb5 18. b4 cxb4 19. Nb1 bxa3 20. Nd2 Nxd2 21. Bxd2 Qa6 22. Qb3 Rfc8 23. Rfc1 Rxc1 24. Bxc1 b4 25. Ra2 Qc4 26. Qb1 b3 27. Rd2 a2 28. Qa1 Qxe4+ 29. Kf1 Qh1+ 30. Ng1 Nf3 31. Ke2 Nxg1+ 32. Ke3 Qf3# 0-1

[Event "Pattaya op"]
[Site "Pattaya"]
[Date "2019.10.30"]
[Round "9"]
[White "Ang, Ern Jie Anderson"]
[Black "Arunnuntapanich, Tinnakrit"]
[Result "0-1"]
[WhiteElo "1720"]
[BlackElo "2025"]
[PlyCount "148"]
[EventDate "2019.10.23"]
[EventType "swiss"]
[EventRounds "9"]
[EventCountry "THA"]
[SourceTitle "CBM 195 Extra"]
[Source "ChessBase"]
[SourceDate "2020.05.31"]
[SourceVersion "1"]
[SourceVersionDate "2020.05.31"]
[SourceQuality "1"]

1. d4 Nf6 2. c4 g6 3. Nc3 Bg7 4. e4 d6 5. g3 0-0 6. Bg2 c5 7. Nge2 Nc6 8. 0-0 cxd4 9. Nxd4 Nxd4 10. Qxd4 Be6 11. Qd3 Rc8 12. b3 Nd7 13. Bb2 a6 14. Qd2 Qa5 15. Rfd1 Rfe8 16. Rac1 b5 17. cxb5 axb5 18. Nd5 Qxd2 19. Rxd2 Bxd5 20. exd5 Bxb2 21. Rxc8 Rxc8 22. Rxb2 Rc1+ 23. Bf1 b4 24. Re2 Ne5 25. Kg2 Ra1 26. Re4 Rxa2 27. Rxb4 f5 28. h3 Rd2 29. Rb5 Nd3 30. Bxd3 Rxd3 31. Kf1 Kf7 32. Ke2 Rd4 33. b4 Kf6 34. Ke3 Rd1 35. Ke2 Rb1 36. Rb7 g5 37. b5 h5 38. b6 Rb2+ 39. Ke3 h4 40. gxh4 gxh4 41. f3 Rb4 42. Kd3 Rb3+ 43. Kc4 Rb1 44. Kd4 Rb2 45. Rb8 Rb4+ 46. Kc3 Rb1 47. Kd4 Kg5 48. Rb7 Kf4 49. Rxe7 Rxb6 50. Rh7 Kg3 51. Rh5 f4 52. Ke4 Rb4+ 53. Kf5 Kxf3 54. Rxh4 Re4 55. Rh8 Re5+ 56. Kg6 Ke2 57. h4 f3 58. Ra8 f2 59. Ra2+ Kf3 60. Ra1 Re1 61. Ra3+ Ke4 62. h5 f1Q 63. h6 Qg2+ 64. Kh7 Kxd5 65. Ra5+ Kc6 66. Ra7 Qe4+ 67. Kg7 Qd4+ 68. Kg6 Qxa7 69. h7 Rg1+ 70. Kf5 Qf7+ 71. Ke4 Re1+ 72. Kd3 Qf3+ 73. Kd2 Re2+ 74. Kc1 Qf1# 0-1

[Event "Pattaya op"]
[Site "Pattaya"]
[Date "2019.10.28"]
[Round "7"]
[White "Ang, Ern Jie Anderson"]
[Black "Vagle, Raymond"]
[Result "1-0"]
[WhiteElo "1720"]
[BlackElo "1985"]
[PlyCount "45"]
[EventDate "2019.10.23"]
[EventType "swiss"]
[EventRounds "9"]
[EventCountry "THA"]
[SourceTitle "CBM 195 Extra"]
[Source "ChessBase"]
[SourceDate "2020.05.31"]
[SourceVersion "1"]
[SourceVersionDate "2020.05.31"]
[SourceQuality "1"]

1. d4 Nf6 2. c4 g6 3. Nc3 Bg7 4. e4 d6 5. g3 0-0 6. Bg2 e5 7. Nge2 Nc6 8. d5 Ne7 9. 0-0 Ne8 10. Bg5 h6 11. Bd2 f5 12. Qb3 Nf6 13. f4 Nxe4 14. Nxe4 fxe4 15. fxe5 dxe5 16. Rxf8+ Bxf8 17. Bxe4 Kh7 18. Rf1 Bf5 19. Qe3 Bg7 20. g4 Bxe4 21. Qxe4 Kg8 22. Bb4 c5 23. Bxc5 1-0

[Event "Kuala Lumpur Merdeka rapid op"]
[Site "Kuala Lumpur"]
[Date "2019.09.01"]
[Round "2"]
[White "Sonjaya, Deni"]
[Black "Ang, Ern Jie Anderson"]
[Result "1-0"]
[WhiteElo "2327"]
[BlackElo "1594"]
[PlyCount "63"]
[EventDate "2019.09.01"]
[EventType "swiss (rapid)"]
[EventRounds "7"]
[EventCountry "MAS"]
[SourceTitle "EXT 2020"]
[Source "ChessBase"]
[SourceDate "2019.10.17"]
[SourceVersion "1"]
[SourceVersionDate "2019.10.17"]
[SourceQuality "1"]

1. e4 c5 2. Nc3 Nc6 3. g3 g6 4. Bg2 Bg7 5. d3 Nf6 6. Be3 d6 7. h3 0-0 8. Nge2 Bd7 9. 0-0 a6 10. f4 Rb8 11. Qd2 b5 12. Kh1 b4 13. Nd1 a5 14. g4 a4 15. Rc1 Qc7 16. f5 Ne5 17. Bg5 Bc6 18. Nf4 c4 19. Ne3 Qb7 20. Qf2 cxd3 21. Bxf6 Bxf6 22. cxd3 g5 23. Rcd1 gxf4 24. Qxf4 Bb5 25. Nd5 Bxd3 26. Rfe1 Bc2 27. g5 Bh8 28. Rd2 Nd3 29. Qg4 Nxe1 30. Nf6+ Kg7 31. Qh4 h5 32. gxh6# 1-0

[Event "Penang Mini op 2nd"]
[Site "Penang"]
[Date "2019.06.09"]
[Round "9"]
[White "Yeoh, Yuan Hui"]
[Black "Ang, Ern Jie Anderson"]
[Result "1-0"]
[WhiteElo "1760"]
[BlackElo "1748"]
[PlyCount "121"]
[EventDate "2019.06.05"]
[EventType "swiss"]
[EventRounds "9"]
[EventCountry "MAS"]
[SourceTitle "CBM 190 Extra"]
[Source "ChessBase"]
[SourceDate "2019.07.15"]
[SourceVersion "1"]
[SourceVersionDate "2019.07.15"]
[SourceQuality "1"]

1. d4 d5 2. Nc3 Nf6 3. Bg5 Nbd7 4. Qd3 c5 5. 0-0-0 c4 6. Qg3 Qa5 7. e4 b5 8. Kb1 b4 9. Nxd5 Nxd5 10. exd5 Qxd5 11. Qf3 Bb7 12. Bxc4 Qxc4 13. Qxb7 Rc8 14. Qe4 e6 15. Qd3 Qxd3 16. Rxd3 Bd6 17. Nf3 0-0 18. Re1 h6 19. Bh4 Nb6 20. Bg3 Bxg3 21. hxg3 Rfd8 22. Ne5 Nd5 23. Ng4 a5 24. Re5 Kf8 25. Ne3 Nxe3 26. Rexe3 Rd5 27. Re5 Rxe5 28. dxe5 Rc5 29. f4 g5 30. a3 bxa3 31. bxa3 h5 32. Kb2 h4 33. gxh4 gxf4 34. Rd4 Rxe5 35. Rxf4 Re2 36. Rg4 f5 37. Rg3 Re4 38. Rh3 Rg4 39. Re3 Kf7 40. g3 a4 41. Kc3 Kf6 42. Kd3 e5 43. c4 f4 44. gxf4 Rxf4 45. Rh3 Ke6 46. h5 Rf7 47. h6 Rh7 48. Ke4 Kd6 49. Kf5 Kc5 50. Kg6 Rh8 51. Rh4 e4 52. Rxe4 Rg8+ 53. Kf7 Rg1 54. Rh4 Rf1+ 55. Kg6 Rg1+ 56. Kh5 Re1 57. h7 Re8 58. Kg6 Rb8 59. h8Q Rxh8 60. Rxh8 Kxc4 61. Rh3 1-0

[Event "Penang Mini op 2nd"]
[Site "Penang"]
[Date "2019.06.08"]
[Round "8"]
[White "Ang, Ern Jie Anderson"]
[Black "Teh, Hui Lam"]
[Result "1-0"]
[WhiteElo "1748"]
[BlackElo "1765"]
[PlyCount "67"]
[EventDate "2019.06.05"]
[EventType "swiss"]
[EventRounds "9"]
[EventCountry "MAS"]
[SourceTitle "CBM 190 Extra"]
[Source "ChessBase"]
[SourceDate "2019.07.15"]
[SourceVersion "1"]
[SourceVersionDate "2019.07.15"]
[SourceQuality "1"]

1. d4 d5 2. Nf3 Nf6 3. Bf4 g6 4. e3 Bg7 5. Be2 0-0 6. h3 c5 7. c3 Nc6 8. 0-0 b6 9. Nbd2 Bb7 10. Ne5 Nxe5 11. Bxe5 Qc8 12. a4 Ba6 13. b4 Bxe2 14. Qxe2 c4 15. Bxf6 Bxf6 16. f4 h5 17. e4 e6 18. e5 Be7 19. g4 hxg4 20. hxg4 f5 21. exf6 Bxf6 22. Rae1 Kf7 23. Nf3 Ke7 24. Ne5 Rg8 25. b5 a6 26. Nc6+ Kd6 27. g5 Bh8 28. f5 gxf5 29. Qh2+ Kd7 30. Rxe6 Rxg5+ 31. Kf2 Kxe6 32. Re1+ Kf7 33. Re7+ Kf6 34. Qd6+ 1-0

[Event "Penang Mini op 2nd"]
[Site "Penang"]
[Date "2019.06.07"]
[Round "6"]
[White "Ang, Ern Jie Anderson"]
[Black "Tan, Yik Chean"]
[Result "1-0"]
[WhiteElo "1748"]
[BlackElo "1586"]
[PlyCount "51"]
[EventDate "2019.06.05"]
[EventType "swiss"]
[EventRounds "9"]
[EventCountry "MAS"]
[SourceTitle "CBM 190 Extra"]
[Source "ChessBase"]
[SourceDate "2019.07.15"]
[SourceVersion "1"]
[SourceVersionDate "2019.07.15"]
[SourceQuality "1"]

1. d4 d5 2. Nf3 Nf6 3. Bf4 e6 4. e3 c5 5. c3 Nc6 6. Bd3 b6 7. Nbd2 Be7 8. h3 0-0 9. Ne5 Nxe5 10. dxe5 Nd7 11. h4 f6 12. Qc2 fxe5 13. Bxh7+ Kh8 14. Bg5 Nf6 15. Bg6 Ng4 16. Qd1 Nh6 17. Qh5 Kg8 18. Bxh6 gxh6 19. Qxh6 Rf7 20. Bxf7+ Kxf7 21. Qh5+ Kg7 22. Rh3 Bf6 23. Rg3+ Kf8 24. Qh7 Bg7 25. Rxg7 Qf6 26. Qg8# 1-0

[Event "Penang Mini op 2nd"]
[Site "Penang"]
[Date "2019.06.06"]
[Round "3"]
[White "Teh, Rui Zhe"]
[Black "Ang, Ern Jie Anderson"]
[Result "0-1"]
[WhiteElo "1406"]
[BlackElo "1748"]
[PlyCount "76"]
[EventDate "2019.06.05"]
[EventType "swiss"]
[EventRounds "9"]
[EventCountry "MAS"]
[SourceTitle "CBM 190 Extra"]
[Source "ChessBase"]
[SourceDate "2019.07.15"]
[SourceVersion "1"]
[SourceVersionDate "2019.07.15"]
[SourceQuality "1"]

1. e4 c5 2. Nf3 Nc6 3. d4 cxd4 4. Nxd4 e5 5. Nb5 d6 6. N1c3 a6 7. Na3 Nf6 8. Bg5 Be6 9. Bc4 Be7 10. Bxf6 Bxf6 11. Nd5 b5 12. Bb3 Be7 13. c3 0-0 14. 0-0 Rc8 15. Nc2 Na5 16. Nce3 Bg5 17. Nf5 Nc4 18. Bxc4 Rxc4 19. Qf3 Bxd5 20. exd5 g6 21. Ne3 Bxe3 22. Qxe3 f5 23. Rad1 Kg7 24. Qa7+ Rf7 25. Qxa6 Qb8 26. Qa3 g5 27. Rfe1 h5 28. Qb3 f4 29. Qc2 f3 30. Re4 Qc8 31. gxf3 Rxe4 32. Qxe4 Rf4 33. Qe3 Qh3 34. Rd3 g4 35. fxg4 Rxg4+ 36. Qg3 h4 37. Qxg4+ Qxg4+ 38. Kf1 Qc4 0-1

[Event "Putrajaya op 1st"]
[Site "Putrajaya"]
[Date "2019.01.21"]
[Round "7"]
[White "Azhar, Muhd Syakir Shazmee"]
[Black "Ang, Ern Jie Anderson"]
[Result "1/2-1/2"]
[WhiteElo "2089"]
[BlackElo "1702"]
[PlyCount "114"]
[EventDate "2019.01.19"]
[EventType "swiss"]
[EventRounds "8"]
[EventCountry "MAS"]
[SourceTitle "CBM 188 Extra"]
[Source "ChessBase"]
[SourceDate "2019.02.26"]
[SourceVersion "1"]
[SourceVersionDate "2019.02.26"]
[SourceQuality "1"]

1. d4 Nf6 2. Nf3 g6 3. g3 Bg7 4. Bg2 0-0 5. 0-0 d5 6. c4 c6 7. Nc3 dxc4 8. a4 Na6 9. a5 Nd5 10. e4 Nxc3 11. bxc3 Bg4 12. Be3 Nc7 13. Qa4 Nb5 14. Qxc4 Be6 15. Qb4 Qd6 16. Qb2 h6 17. Ne5 Bxe5 18. dxe5 Qxe5 19. Bxh6 Rfd8 20. Rac1 Bc4 21. Rfe1 Qe6 22. Bf4 b6 23. Be3 bxa5 24. Qa1 a4 25. Qxa4 Rd3 26. Qa5 Rad8 27. Bd4 Qd7 28. Bf1 Rxd4 29. cxd4 Bxf1 30. Rxf1 Nxd4 31. Rfd1 Kh7 32. Kg2 Qg4 33. Qxd8 Qxe4+ 34. Kg1 Nf3+ 35. Kf1 Nxh2+ 36. Kg1 Nf3+ 37. Kf1 Nh2+ 38. Kg1 Nf3+ 39. Kg2 Nd4+ 40. Kg1 Nf3+ 41. Kf1 Nh2+ 42. Kg1 Nf3+ 43. Kg2 Nd4+ 44. Kg1 Nf3+ 45. Kg2 Nd4+ 46. Kh2 Nf3+ 47. Kh3 Ng5+ 48. Kh2 Nf3+ 49. Kg2 Nd4+ 50. Kg1 Nf3+ 51. Kf1 Nh2+ 52. Kg1 Nf3+ 53. Kg2 Nd4+ 54. Kg1 Nf3+ 55. Kg2 Nd4+ 56. Kg1 Nf3+ 57. Kg2 Nd4+ 1/2-1/2